00484nam a2200193 a 4500001001300000003000900013005001700022008004100039020000800080082001600088100001600104245003000120260003200150300000900182500003500191505002200226650002600248700001600274nice12345678IN_TiNIC20260116011509.0050524s1967 laha grp 000 0 urd  ac400a922.97bASI aAsimi, Saib aIqbal Qalandeer Nahin Tha aLahorebTakhleeq Kaarc1967 a228p aincludes index and biblioraphy2 aill, bibliography aIqbal Muhammad-Poetry1 aAsimi, Saib